DADAH : Apa anda perlu tahu

Bibliographic Details
Format: Book
Published: Kuala Lumpur : Delmu , 1992
Subjects:

MARC

LEADER 00000cam a2200000 7i4500
001 0000000595
005 20000911.0
020 0 0 |a 9839743082 
090 0 0 |a 362.29595   |b DAD 1992 
245 0 0 |a DADAH :   |b Apa anda perlu tahu 
260 0 0 |a Kuala Lumpur :   |b Delmu ,   |c 1992 
300 |a x, 244 p. :   |b ill. ;   |c 22 cm. 
650 0 0 |a Drug abuse counseling   |z Malaysia 
650 0 0 |a Drug abuse   |x Prevention 
650 0 0 |a Drug abuse   |x Social aspects 
650 0 0 |a Drug abuse   |z Malaysia 
999 |a 0000000067   |b Monograph   |c Open Shelf   |e Default branch 
999 |a 0000000068   |b Monograph   |c Open Shelf   |e Default branch 
999 |a 0000000069   |b Monograph   |c Open Shelf   |e Default branch